000 00866nam a22002651u 4500
001 05691
003 HDC
007 cr bn ---
008 210121p xx fo d 00 engg
040 _aHDC
100 _aDr Paul Temporal
_95981
245 0 _aCREATING A GLOBAL ISLAMIC BUSINESS /
_cby Dr Paul Temporal
260 _a[No place] :
_bUniversity of Oxford,
_c2012
300 _a28 pages :
_bIllustrations
336 _atext
_2rdacontent
337 _acomputer
_2rdamedia
338 _aonline resource
_2rdacarrier
650 _aConsumer Market
_95982
650 _aHalal food
_950
650 _aMuslim consumer
_9584
856 _zRequest full-text at [email protected]
942 _2lcc
942 _cSLIDE
942 _kSLID 000573
999 _c3015
_d3015